يوم عاشوراء : (رقم التسجيلة. 99377)

تفاصيل مارك
000 -الفاتح
عناصر البيانات ثابتة الطول 00966cam a2200217 i 4500
005 - تاريخ ووقت آخر معاملة
حقل ضبط 20251223114540.0
008 - عناصر البيانات ثابتة الطول
عناصر البيانات ثابتة الطول 250721r2005 jo gr 000 0 ara d
082 14 - رقم تصنيف ديوي العشري
رقم التصنيف 218.32
رقم المادة ا ب ن
100 1# - مدخل رئيسي – اسم شخصي
الاسم الشخصي ابن تيمية، تقي الدين ابو العباس احمد بن عبد الحليم
علاقة الشخص بالعمل/ دوره مؤلف.
245 10 - بيان العنوان
العنوان يوم عاشوراء :
بقية العنوان فتاوي شيخ الاسلام في احكام يوم عاشوراء وما يقع فيه من البدع /
بيان المسؤولية تاليف تقي الدين ابو العباس احمد بن عبدالحليم ابن تيمية.
250 ## - بيان الطبعة
بيان الطبعة الطبعة الاولى.
264 31 - بيانات النشر، التوزيع…إلخ
مكان النشر، التوزيع...إلخ عمان :
اسم الناشر، الموزع...إلخ دار الإسراء للنشر والتوزيع،
تاريخ النشر، التوزيع...إلخ 2005.
300 ## - الوصف المادي
عدد الوحدات المكونة للوعاء 76صفحة.
650 17 - مدخل إضافي بالموضوع - مصطلح موضوعي
مصطلح موضوعي أو اسم جغرافي كعنصر مدخل المناسبات.
650 17 - مدخل إضافي بالموضوع - مصطلح موضوعي
مصطلح موضوعي أو اسم جغرافي كعنصر مدخل الأيام.
650 17 - مدخل إضافي بالموضوع - مصطلح موضوعي
مصطلح موضوعي أو اسم جغرافي كعنصر مدخل الفضائل.
650 17 - مدخل إضافي بالموضوع - مصطلح موضوعي
مصطلح موضوعي أو اسم جغرافي كعنصر مدخل يوم عاشوراء.
700 1# - مدخل إضافي - اسم شخصي
الاسم الشخصي مدغمش، جمال عبد الغني
علاقة الشخص بالعمل/ دوره معد.
942 ## - بيانات إضافية (كوها)
نوع التنصيف Dewey Decimal Classification
نوع المادة (كوها) كتب
المقتنيات
حالة السحب حالة الفقدان مصدر التصنيف حالة التلف غير قابل للإعارة المكتبة الرئيسية المكتبة الحالية موقع الرف تاريخ التزويد الرقم المتسلسل Total Checkouts رقم الإستدعاء الباركود تاريخ آخر ظهور تاريخ الفاتورة نوع المادة (كوها)
    Dewey Decimal Classification     المكتبة المركزية المكتبة المركزية الإعارة 28/07/2025 1016031   218.32 / ا ب ن 1016031 28/07/2025 28/07/2025 كتب
Implemented & Customized by: BBB with SCIT (Smart Chains for Information Technology)

Powered by Koha